<?xml version="1.0" encoding="UTF-8"?><?xml-stylesheet type="text/xsl" href="static/style.xsl"?><OAI-PMH xmlns="http://www.openarchives.org/OAI/2.0/" xmlns:xsi="http://www.w3.org/2001/XMLSchema-instance" xsi:schemaLocation="http://www.openarchives.org/OAI/2.0/ http://www.openarchives.org/OAI/2.0/OAI-PMH.xsd"><responseDate>2026-04-17T11:28:52Z</responseDate><request verb="GetRecord" identifier="oai:www.recercat.cat:10459.1/463988" metadataPrefix="marc">https://recercat.cat/oai/request</request><GetRecord><record><header><identifier>oai:recercat.cat:10459.1/463988</identifier><datestamp>2024-12-05T22:11:14Z</datestamp><setSpec>com_2072_3622</setSpec><setSpec>col_2072_479130</setSpec></header><metadata><record xmlns="http://www.loc.gov/MARC21/slim" xmlns:dcterms="http://purl.org/dc/terms/" xmlns:xsi="http://www.w3.org/2001/XMLSchema-instance" xmlns:doc="http://www.lyncode.com/xoai" xsi:schemaLocation="http://www.loc.gov/MARC21/slim http://www.loc.gov/standards/marcxml/schema/MARC21slim.xsd">
   <leader>00925njm 22002777a 4500</leader>
   <datafield ind2=" " ind1=" " tag="042">
      <subfield code="a">dc</subfield>
   </datafield>
   <datafield ind2=" " ind1=" " tag="720">
      <subfield code="a">Benderska, Yuliia</subfield>
      <subfield code="e">author</subfield>
   </datafield>
   <datafield ind2=" " ind1=" " tag="260">
      <subfield code="c">2023-09-15T07:23:21Z</subfield>
   </datafield>
   <datafield ind2=" " ind1=" " tag="260">
      <subfield code="c">2023-09-15T07:23:21Z</subfield>
   </datafield>
   <datafield ind2=" " ind1=" " tag="260">
      <subfield code="c">2023-07-03</subfield>
   </datafield>
   <datafield ind2=" " ind1=" " tag="520">
      <subfield code="a">La poesia de George Gordon Byron va representar un gran interès per als investigadors del romanticisme. No obstant això, és normal admetre que els estudis sobre l'envelliment poques vegades es van utilitzar per donar llum a la literatura romàntica a Gran Bretanya. Byron va ser un autor molt prolífic que va tractar temes com el temps i l'envelliment, la joventut i la bellesa, entre d'altres. A través dels seus personatges va introduir la visió d'un recorregut vital tal com es veia en l'època romàntica. Aquesta tesi doctoral se centra en com l'anàlisi crítica i la representació del curs de la vida en la literatura del període romàntic contribueix a una millor comprensió de l'envelliment.&#xd;
Amb l'ajuda de les obres de Byron escrites de manera semibiogràfica, és possible endinsar-se en el seu món interior i la seva visió de la vida. A més, a través d'aquesta recerca, es podrà tenir una visió del temps i l'envelliment en l'època romàntica.</subfield>
   </datafield>
   <datafield ind2=" " ind1=" " tag="520">
      <subfield code="a">La poesía de George Gordon Byron representó un gran interés para los investigadores del romanticismo. Sin embargo, es justo admitir que los estudios sobre el envejecimiento rara vez se utilizaron para arrojar luz sobre la literatura romántica en Gran Bretaña. Byron fue un autor muy prolífico que abordó temas como el tiempo y el envejecimiento, la juventud y la belleza, entre otros. Introdujo la visión del curso de la vida tal como se veía en el período romántico con la ayuda de sus personajes. Esta tesis doctoral se centra en cómo el análisis crítico y la representación del curso de la vida en la literatura del período romántico contribuyen a una mejor comprensión del envejecimiento.&#xd;
Con la ayuda de las obras de Byron escritas de manera semibiográfica, es posible sumergirse en su mundo interior y su visión de la vida. Además, a través de esta investigación, se podrá obtener una visión del tiempo y del envejecimiento en el período romántico.</subfield>
   </datafield>
   <datafield ind2=" " ind1=" " tag="520">
      <subfield code="a">The poetry of George Gordon Byron represented great interest for the investigators of Romanticism. Nevertheless, it is fair to admit that ageing studies were rarely used to shed light on the Romantic literature in Britain. Byron was a prolific author who dealt with topics such as time and ageing, youth, and beauty, among others. He introduced the vision of a life course as it was seen in the Romantic period with the help of his characters. This doctoral thesis focuses on how critical analysis and representation of the life course in the literature of the Romantic period contributes to a better understanding of growing old. With the help of Byron’s works written in a semi-biographical manner, it is possible to plunge into his inner world and his vision of life. Furthermore, through this research, it will be possible to get a vision of time and ageing in the Romantic period.</subfield>
   </datafield>
   <datafield ind1="8" ind2=" " tag="024">
      <subfield code="a">http://hdl.handle.net/10459.1/463988</subfield>
   </datafield>
   <datafield tag="653" ind2=" " ind1=" ">
      <subfield code="a">Gerontologia literària</subfield>
   </datafield>
   <datafield tag="653" ind2=" " ind1=" ">
      <subfield code="a">Romanticisme</subfield>
   </datafield>
   <datafield tag="653" ind2=" " ind1=" ">
      <subfield code="a">Byron</subfield>
   </datafield>
   <datafield tag="653" ind2=" " ind1=" ">
      <subfield code="a">Gerontología literaria</subfield>
   </datafield>
   <datafield tag="653" ind2=" " ind1=" ">
      <subfield code="a">Romanticismo</subfield>
   </datafield>
   <datafield tag="653" ind2=" " ind1=" ">
      <subfield code="a">Literary gerontology</subfield>
   </datafield>
   <datafield tag="653" ind2=" " ind1=" ">
      <subfield code="a">Romanticism</subfield>
   </datafield>
   <datafield tag="653" ind2=" " ind1=" ">
      <subfield code="a">Filologia Anglesa</subfield>
   </datafield>
   <datafield tag="653" ind2=" " ind1=" ">
      <subfield code="a">8</subfield>
   </datafield>
   <datafield ind2="0" ind1="0" tag="245">
      <subfield code="a">Captured by Time: The Ageing Transformation of  Byron Embodied by His Characters in His Literary  Works</subfield>
   </datafield>
</record></metadata></record></GetRecord></OAI-PMH>